| 000 | 00582nam a2200181Ia 4500 | ||
|---|---|---|---|
| 003 | GCL | ||
| 008 | 140319s9999 xx 000 0 ara d | ||
| 040 |
_aGCL / _cGCL |
||
| 082 | 0 | 4 |
_a001.554 _bع ف |
| 100 | 1 | _aعبدالمجيد شكرى | |
| 245 | 1 | 0 |
_aفنون الراديو: فى ضوء متغيرات العصر / _cعبدالمجيد شكرى |
| 490 |
_aالهيئة العامة للاستعلامات _v0 |
||
| 650 | 0 | 4 | _aالراديو |
| 650 | 0 | 4 | _aوسائل الاعلام |
| 650 | 0 | 4 | _aالاذاعة |
| 650 | 0 | 4 | _aالاعلان بالاذاعة |
| 942 |
_2ddc _cBK |
||
| 999 |
_c47949 _d47949 |
||